Praktický včelár časopis venovaný záujmom včelárstva

Bibliographic Details
Other Authors: Pomekács, M. (Publishing director)
Format: Journal
Language:Slovak
PhysicalDescription:5 zv. 24 cm
Published: Čerín M. Pomekács 1904-1908
Šajókaza
Subjects:

MARC

LEADER 00000cas a2200000 a 4500
001 vtls001374815
003 SK-MaSNL
005 20260228155802.0
008 200401d19041908hu br p 0 0b0slo d
035 |a SNK000328706 
040 |a SNK  |b slo  |c SNK  |e AACR2 
041 0 |a slo 
044 |a xo  |c SK  |a hu  |c HU 
072 7 |a 638  |x Včelárstvo  |2 konspekt 
080 |a 050  |2 2001 
080 |a 638.1  |2 2001 
080 |a (051)-027.561  |2 2001 
245 0 0 |a Praktický včelár  |b časopis venovaný záujmom včelárstva 
260 |a Čerín  |b M. Pomekács  |c 1904-1908 
260 3 |3 6/1905-2/1908  |a Šajókaza  |b M. Pomekács 
300 |a 5 zv.  |c 24 cm 
310 |a 6x ročne  |b 1906-1908 
321 |a 1x mesačne  |b 1904-1905 
362 0 |a Roč. I, č. 1 (1904)-roč. V, č. 1 (1908) 
500 |a Zodp. red., vyd. a maj.: 1/1904-5/1905, M. Pomekács v Čeríne; od č. 6/1905, v Šajókaze 
500 |a Tlač: Filip Machold v Banskej Bystrici, od roč. III (1906), Karol Salva v Ružomberku 
515 |a Niektoré čísla vychádzajú ako dvojčíslo 
650 0 7 |a včelárstvo  |2 SNKPH  |9 3997 
650 0 7 |a Apiculture  |2 SNKPHeng  |9 265327 
655 7 |a odborné časopisy  |2 SNKPH  |9 70505 
655 7 |a Professional journals  |2 SNKNB  |9 265007 
700 1 |a Pomekács, M.  |4 pbd  |9 265328 
910 |a snk 
916 |a 1904-1908 
999 |c 556  |d 556 
952 |0 0  |1 0  |4 0  |7 0  |a SNK  |b SNK  |d 1999-10-15  |f 1  |i snk603/52  |l 0  |o snkČSC 483/5/1908  |p 17A0213923  |r 2005-01-02 00:00:00  |t č. 1-2  |w 2026-02-21  |y PREZ 
952 |0 0  |1 0  |4 0  |7 0  |a SNK  |b SNK  |d 2002-07-08  |f 1  |l 0  |o snkČSC 483/1/1904  |p 17A0269740  |r 2005-01-02 00:00:00  |t č. 1-6  |w 2026-02-21  |y PREZ 
952 |0 0  |1 0  |4 0  |7 0  |a SNK  |b SNK  |d 2002-07-08  |f 1  |i snk600/52  |l 0  |o snkČSC 483/2/1905  |p 17A0269736  |r 2005-01-02 00:00:00  |t č. 1-12  |w 2026-02-21  |y PREZ 
952 |0 0  |1 0  |4 0  |7 0  |a SNK  |b SNK  |d 2002-07-08  |f 1  |i snk601/52  |l 0  |o snkČSC 483/3/1906  |p 17A0269742  |r 2005-01-02 00:00:00  |t č. 1-12, neúpl.  |w 2026-02-21  |y PREZ  |z chýba č. 11-12 
952 |0 0  |1 0  |4 0  |7 0  |a SNK  |b SNK  |d 2002-07-08  |f 1  |i snk602/52  |l 0  |o snkČSC 483/4/1907  |p 17A0269835  |r 2005-01-02 00:00:00  |t č. 1-12  |w 2026-02-21  |y PREZ